000 00362cam a2200145ua 4500
041 _aeng
_h
082 _a305.8
_bNES/RA
100 _aNesterkh, M .
245 _aRaces of mankind /
_cM Nesturkh.
_hTextual Documents
260 _aMoscow :
_bForeign Language Publishing House ,
_c1962.
300 _a108 ; .
504 _a
942 _cBK
999 _c5218
_d5218